00253nam a22000857a 4500008004100000082002000041100003500061245006300096300000800159230606b xxu||||| |||| 00| 0 eng d a354.662619bMOH cAbdoulaye mohamadoudJune 2009 adecentralosed and local power in NigerbIssue paper no.150 a24p